000 00981cam a22002654a 4500
999 _c129061
_d129061
001 16378541
003 ARRUPE
005 20190219112259.0
008 100806s2010 nju 000 0 eng
010 _a 2010032051
020 _a1569023336 (hardcover)
020 _a1569023344 (pbk.)
040 _aDLC
_cDLC
_dDLC
043 _af-et---
050 0 0 _aDT388
_b.K57 2010
082 0 0 _a963.07/2
_222
100 1 _aKiros, Teodros,
_d1951-
_944767
245 1 0 _aEthiopian discourse /
_cTeodros Kiros.
260 _aTrenton, NJ :
_bRed Sea Press,
_c2010.
300 _ax, 236 p. ;
_c22 cm.
650 0 _aDemocracy
_zEthiopia.
_944768
650 0 _aPolitical culture
_zEthiopia.
_944769
651 0 _aEthiopia
_xPolitics and government
_y1991-
_944770
906 _a7
_bcbc
_corignew
_d1
_eecip
_f20
_gy-gencatlg
942 _2lcc
_cMONOGRAPH